Concise CSAT General Studies for Civil Services Preliminary Examination : (Record no. 198428)

MARC details
000 -LEADER
fixed length control field 00679nam a22001937a 4500
005 - DATE AND TIME OF LATEST TRANSACTION
control field 20230920113612.0
010 ## - LCCN (DPL NO)
LC control number ENG-138186
020 ## - INTERNATIONAL STANDARD BOOK NUMBER
International Standard Book Number 9789355320827
Terms of availability 825.00
035 ## - SYSTEM CONTROL NUMBER
System control number EN-121718
037 ## - SOURCE OF ACQUISITION
Source of stock number/acquisition DBAD/PUB
082 ## - DEWEY DECIMAL CLASSIFICATION NUMBER
Classification number 000
100 ## - MAIN ENTRY--PERSONAL NAME
Personal name Bhagat, Madhukar Kumar
245 ## - TITLE STATEMENT
Title Concise CSAT General Studies for Civil Services Preliminary Examination :
Remainder of title Paper-II /
Statement of responsibility, etc By Madhukar Kumar Bhagat
260 ## - PUBLICATION, DISTRIBUTION, ETC. (IMPRINT)
Place of publication, distribution, etc Chennai
Name of publisher, distributor, etc McGraw Hill Education(India) Private Limited
Date of publication, distribution, etc 2024
270 ## - ADDRESS
Address Anjana Complex No.: 5/90A, Butt Road, St. Thomas Mount
City Chennai
Postal code 600016
300 ## - PHYSICAL DESCRIPTION
Extent 737 p.
Dimensions 23cm(pbk)
700 ## - ADDED ENTRY--PERSONAL NAME
Relator term Author
9 (RLIN) 56915
942 ## - ADDED ENTRY ELEMENTS (KOHA)
Source of classification or shelving scheme Dewey Decimal Classification
Item type English Books
Classification part 000
Call number suffix BHA
Holdings
Withdrawn status Lost status Not for loan Collection code Home library Current library Date acquired Source of acquisition Cost, normal purchase price Full call number Barcode Copy number Cost, replacement price Koha item type
      Non-fiction Bawana Bawana 20/09/2023 DBAD/PUB 825.00 000 BHA EN-121718 1 825.00 English Books

© Delhi Public Library
Hit Counter
free hit counter